00290nam a2200121Ia 4500008004100000020001800041041000800059082001100067100001600078245003900094260002700133300000800160221201s9999 xx 000 0 und d a9781859469422 aeng a720.95 aMills G Ed. aPeter Cook: Lives In Architecture. bRIBA Publishing.c2021 a162